| 000 | 01112nam a2200241Ia 4500 | ||
|---|---|---|---|
| 003 | Ost | ||
| 005 | 20260507075801.0 | ||
| 008 | 260507s9999||||xx |||||||||||||| ||und|| | ||
| 020 | _a9789957950897 | ||
| 040 | _cfsecg | ||
| 041 | _aara | ||
| 082 | _a332.1 | ||
| 100 |
_aخنفوسي، عبد العزيز _eمؤلف |
||
| 245 | 0 |
_aالعولمة وتأثيراتها على الجهاز المصرفي : _bالجزء الثاني / _c عبد العزيز خنفوسي |
|
| 260 |
_aعمان: _bدار الأيام للنشر والتوزيع, _c2016 |
||
| 300 |
_a428 صفحة؛ _bإيضاحات ؛ _c25 سم |
||
| 504 | _aبيبليوغرافيا: ص ص.383-424 | ||
| 520 | _aيضم تطور الأداء المصرفي في ظل عولمة الاقتصاد، مسايرة القطاع المصرفي الإلتزامات الجزائر الخارجية ، تداعيات الأزمات المالية البنكية في ظل العولمة الاقتصادية. | ||
| 653 | _aالبنوك | ||
| 653 | _aالبنوك- قوانين وتشريعات | ||
| 653 | _aالعولمة | ||
| 942 | _cكتاب | ||
| 999 |
_c46280 _d46280 |
||